| 000 | 01175 a2200253 4500 | ||
|---|---|---|---|
| 003 | NUST | ||
| 005 | 20221202152403.0 | ||
| 010 | _a 86002322 | ||
| 020 | _a0521311926 (pbk.) | ||
| 020 | _a0521324092 | ||
| 040 | _cNust | ||
| 082 | 0 | 0 | _a537,SAN |
| 100 | 1 |
_aSander, K. F. _966228 |
|
| 245 | 1 | 0 |
_aTransmission and propagation of electromagnetic waves / _cK.F. Sander, G.A.L. Reed. |
| 250 | _a2nd ed. | ||
| 260 |
_aCambridge [Cambridgeshire] ; _aNew York : _bCambridge University Press, _c1986. |
||
| 300 |
_ax, 458 p. : _bill. ; _c24 cm. |
||
| 440 | 0 |
_aElectronics texts for engineers and scientists _9103105 |
|
| 505 | _aPlane Electromagnetic Waves (Page-1), Energy Flow the Electrometric Field (Page-39), Guide Waves (Page-55), Radiation (Page-106), Transmission line Theory (Page-153), Propagation in line Systems (Page-206), Wave guide Systems (Page-268), Microwave Radio Systems (Page-327), Optical Transmission (Page-348), Appendices (Page-482) . | ||
| 650 | 0 |
_aElectromagnetic waves _xTransmission. |
|
| 700 | 1 |
_aReed, G. A. L. _9104032 |
|
| 856 | 4 | 2 |
_3Publisher description _uhttp://www.loc.gov/catdir/description/cam032/86002322.html |
| 942 |
_2ddc _cBK _k537,SAN |
||
| 999 |
_c184222 _d184222 |
||